000 00545nam a2200181Ia 4500
008 131103s9999 xx 000 0 und d
040 _aLoreto College
041 _aEnglish
082 _a891.43/AGA
_bLCLIB
100 _aAgarwal,Hansraj
245 _aHindi sahitya ki parampara
_b Hindi sahitya ka alochanatmak itihas
_cHansraj Agarwal
260 _aLashkar
_bSahitya Prakashan Mandir
_c1950
300 _a436 p.
_c 18 cm.
650 _aHindi sahitya
651 _aHindi literature-History and criticism
850 _aLCLIB
942 _cBK
999 _c17693
_d68172